000 00519nmm a2200181Ia 4500
008 251105s9999||||xx |||||||||||||||||und||
020 _a9789561409170
041 _aspa
100 _aJaksic A., Fabián
245 0 _aEcología de comunidades
264 _a[Santiago de Chile, Chile] :
_bEdiciones UC,
_c2007
300 _a337 páginas
650 _aEnvironmental Sciences
700 _aJaksic A., Fabián
700 1 _a Marone B., Luis
856 _uhttps://public.digitaliapublishing.com/a/38236
942 _cCF
999 _c67155
_d67155